| 000 | 00826nam a22002297a 4500 | ||
|---|---|---|---|
| 005 | 20240116074406.0 | ||
| 008 | 240116b ||||| |||| 00| 0 eng d | ||
| 020 | _a 9781984857569 | ||
| 040 |
_aCO-BoUCM _cDavid Moreno _dDavid Moreno |
||
| 041 | _aeng | ||
| 100 | 1 |
_a Brooks, Katharine _9179717 |
|
| 245 | 1 | 0 |
_aWhat color is your parachute? for college : _bpave your path from major to meaningful work / _cKatharine Brooks. |
| 250 | _a1a edición | ||
| 260 |
_aCalifornia _bTen Speed Press _c[2021] |
||
| 300 |
_a263 Paginas _bilustraciones |
||
| 650 | 1 | 4 |
_aDesarrollo profesional _912984 |
| 650 | 1 | 4 |
_aBúsqueda de empleo _910251 |
| 650 | 1 | 4 |
_aCarreras universitarias _9179718 |
| 650 | 1 | 4 |
_aEntrevistas de empleo _929049 |
| 942 |
_2DEWEY _a16 _cLIBRO _e1 _h650.14 _mB873w _n0 |
||
| 999 |
_c323727 _d323727 |
||